000 00524 a2200193 4500
005 20260204145731.0
008 260204b |||||||| |||| 00| 0 eng d
020 _a9789394384514
_cRs. 1650.00
040 _aMAIN
082 _a355.033
_bR636M
100 _aRohtagi, Ramesh
245 _aMilitary relationship and media
260 _bSaddle Publishers
_c2022
_aDelhi
300 _aviii, 264
650 _aMilitarty Science
650 _aMilitary and Society
650 _aMilitary Relations- Media
942 _cBK
999 _c395462
_d395462